00881nam a2200205 a 450000100100000000500170001000800410002702000150006804000250008310000270010824000700013524501220020526000430032730000210037050000760039150000340046770000510050195201060055299900170065800003017720200930060116.0110503s2001 sp 000 0 spa d a848310721X aDO-SdBNPbspacBNPHU1 aAscherson, Neal95688910aBlack sea. The birtbplace of civilisation and barbarismlInglés10aEl mar negro :bCuna de la civilización y la barbarie /cNeal Ascherson ; traductor María Luz García de la Hoz. aBarcelona :bTusquets Editores,c2001. a356 p. ;c23 cm. aIncluye datos biográficos del autor en la solapa de la contracubierta aTraducido del idioma inglés1 aGarcía de la Hoz, María Luz,etrad.956890 0010507-18MOaGRbGRcOId2011-05-03iLF1l0o p30177-10r2020-06-25w2020-06-25y1ZNo se presta c29669d29669